Puesta de largo / (Record no. 60008)

MARC details
000 -LEADER
campo de control de longitud fija 00523nam a2200193 i 4500
001 - NÚMERO DE CONTROL
campo de control 60008
003 - IDENTIFICADOR DE NÚMERO DE CONTROL
campo de control ES-MaACL
007 - CAMPO FIJO DE DESCRIPCIÓN FÍSICA--INFORMACIÓN GENERAL
campo de control de longitud fija t|
008 - DATOS DE LONGITUD FIJA--INFORMACIÓN GENERAL
campo de control de longitud fija 031031s1953 sp ||||1| spa d
100 1# - ENTRADA PRINCIPAL--NOMBRE DE PERSONA
Nombre de persona Ermita, Felipe.
9 (RLIN) 47413
245 10 - MENCIÓN DEL TÍTULO
Título Puesta de largo /
Mención de responsabilidad, etc. Felipe Ermita.
250 ## - MENCION DE EDICION
Mención de edición [2ª ed.].
260 ## - PUBLICACIÓN, DISTRIBUCIÓN, ETC.
Lugar de publicación, distribución, etc. Barcelona :
Nombre del editor, distribuidor, etc. Moreno,
Fecha de publicación, distribución, etc. [1953] (
Fabricante Clarasó)
300 ## - DESCRIPCIÓN FÍSICA
Extensión 318 p. ;
Dimensiones 21 cm.
490 1# - MENCIÓN DE SERIE
Mención de serie Pino de oro ;
Designación de volumen o secuencia 1
830 0# - PUNTO DE ACCESO ADICIONAL DE SERIE-TÍTULO UNIFORME
Título uniforme Pino de oro ;
Designación de volumen o secuencia 1
9 (RLIN) 230540
852 ## - LOCALIZACIÓN
Ubicación ES-MaACL
Número de control de estantería C-7817
Sublocalización o colección R.35097
Holdings
Estatus retirado Estado de pérdida Estado de daño No para préstamo Biblioteca de origen Biblioteca actual Ubicación en estantería Fecha de adquisición Fuente de adquisición Total de préstamos Signatura topográfica completa Código de barras Visto por última vez Precio de reemplazo Tipo de ítem Koha
        Biblioteca del Ateneo de Madrid Biblioteca del Ateneo de Madrid Sala Palomar 17/01/2008     C-7817 1062936 23/02/2023 23/02/2023 Libro impreso